000 00329pab a2200145 454500
008 180718b2001 xxu||||| |||| 00| 0 eng d
100 _aKanwar, Rakesh
245 _aDisaster management
260 _c2001
300 _ap.29-43
362 _aJan-Jun
650 _aDisaster prevention
773 _aPrashasnika
909 _a51313
999 _c51313
_d51313